Normal view
MARC view
Entry Topical Term
001 - CONTROL NUMBER
- control field: 26055
003 - CONTROL NUMBER IDENTIFIER
- control field:
005 - DATE AND TIME OF LATEST TRANSACTION
- control field: 20251110134003.0
008 - FIXED-LENGTH DATA ELEMENTS
- fixed length control field: 251110|| aca||aabn | a|a d
040 ## - CATALOGING SOURCE
- Original cataloging agency:
- Transcribing agency:
150 ## - HEADING--TOPICAL TERM
- Topical term or geographic name as entry element: Life change events
670 ## - SOURCE DATA FOUND
- Source citation: Work cat.: ()13407: Zastrow, Charles. 26052, Understanding human behavior and the social environment /, c1994.